Normal view
MARC view
- اشراف مبيضين، مهند، باحث رئيسي فارس سورمالي، باحث مساعد نارمين فياض، مراجعة وتقيق تاريخي سليمات الشقيرات
Entry Personal Name
001 - CONTROL NUMBER
- control field: 63482
003 - CONTROL NUMBER IDENTIFIER
- control field: JO-AjAnu
005 - DATE AND TIME OF LATEST TRANSACTION
- control field: 20230606084348.0
008 - FIXED-LENGTH DATA ELEMENTS
- fixed length control field: 230606|| aca||aabn | a|a d
040 ## - CATALOGING SOURCE
- Original cataloging agency: JO-AjAnu
- Transcribing agency: JO-AjAnu
100 ## - HEADING--PERSONAL NAME
- Personal name: اشراف مبيضين، مهند، باحث رئيسي فارس سورمالي، باحث مساعد نارمين فياض، مراجعة وتقيق تاريخي سليمات الشقيرات
670 ## - SOURCE DATA FOUND
- Source citation: Work cat.: (JO-AjAnu)32367: اشراف مبيضين، مهند، باحث رئيسي فارس سورمالي، باحث مساعد نارمين فياض، مراجعة وتقيق تاريخي سليمات الشقيرات, author, البنوك الاردنية في مئة عام من مسيرة الدولة